| 000 | 00387cam a2200133 a 4500 | ||
|---|---|---|---|
| 082 | 0 | 4 |
_a005.133L _bHAR _cMCE-L-02,P113 |
| 100 | 1 |
_aHarvey, Greg. _936678 |
|
| 245 | 1 | 0 |
_aLOTUS 1-2-3 instant reference _cby Greg Harvey. |
| 260 |
_aDelhi. : _bPBP., _cnd. |
||
| 300 |
_axvi. 294 p. : _bIll. _c22 cm. |
||
| 526 |
_a0 _b0 _c0 _d005_000000000000000_133L_HAR |
||
| 650 | 0 |
_aMCE _9379 |
|
| 942 |
_2ddc _cBK |
||
| 999 |
_c541687 _d541687 |
||